Источник судьбы

গ্রন্থ-পঞ্জীর বিবরন
প্রধান লেখক: Алехин П. Павел
সংক্ষিপ্ত:Враги повержены, непокорные укрощены, вино и золото льются рекой... Но мир не стоит на месте, и даже самые великие герои рано или поздно встречают достойных противников. Кто мог подумать, что Рерик сын Хальвдана, могущественный ярл, разоритель Франции, будущий основатель великой династии, найдет непримиримого врага в родном брате Харальде, рядом с которым столько лет сражался плечом к плечу? Неизбежный поединок между самыми близкими людьми навсегда разделит пути соратников. Одержавший победу в этой схватке должен будет уйти. Отныне он предоставлен только своей судьбе, и его главная задача — доказать, что рожденный для побед способен одолеть даже судьбу.
ভাষা:রুশ
প্রকাশিত: СПб., Крылов, 2009
মালা:Историческая авантюра
বিষয়গুলি:
বিন্যাস: গ্রন্থ
KOHA link:https://koha.lib.tpu.ru/cgi-bin/koha/opac-detail.pl?biblionumber=179703

MARC

LEADER 00000nam0a2200000 4500
001 179703
005 20231031170511.0
010 |a 9785971709275 
035 |a (RuTPU)RU\TPU\book\194803 
090 |a 179703 
100 |a 20100426d2009 m y0rusy50 ca 
101 0 |a rus 
102 |a RU 
105 |a y z 001ay 
200 1 |a Источник судьбы  |f П. Алехин 
210 |a СПб.  |c Крылов  |d 2009 
215 |a 443 с. 
225 1 |a Историческая авантюра 
330 |a Враги повержены, непокорные укрощены, вино и золото льются рекой... Но мир не стоит на месте, и даже самые великие герои рано или поздно встречают достойных противников. Кто мог подумать, что Рерик сын Хальвдана, могущественный ярл, разоритель Франции, будущий основатель великой династии, найдет непримиримого врага в родном брате Харальде, рядом с которым столько лет сражался плечом к плечу? Неизбежный поединок между самыми близкими людьми навсегда разделит пути соратников. Одержавший победу в этой схватке должен будет уйти. Отныне он предоставлен только своей судьбе, и его главная задача — доказать, что рожденный для побед способен одолеть даже судьбу. 
610 1 |a русская литература 
610 1 |a романы 
610 1 |a авантюрные романы 
610 1 |a исторические романы 
610 1 |a приключения 
675 |a Р2  |v 3 
700 1 |a Алехин  |b П.  |g Павел 
801 1 |a RU  |b 63413507  |c 20100426 
801 2 |a RU  |b 63413507  |c 20100511  |g RCR 
942 |c BK